Heat transfer : a basic approach / Necoti M. Ozisik (Registro nro. 19449)
[ vista simple ]
| 000 -LÍDER | |
|---|---|
| fixed length control field | 00440nam a2200145 4500 |
| 008 - ELEMENTOS DE LONGITUD FIJA -- INFORMACIÓN GENERAL | |
| fixed length control field | 0 1985 0a 000 0USA |
| 020 ## - NÚMERO INTERNACIONAL NORMALIZADO PARA LIBROS | |
| ISBN | 007-04-7982-8 |
| 050 ## - SIGNATURA TOPOGRAFICA DE LA BIBLIOTECA DEL CONGRESO (LC) | |
| Número de Clasificación | TJ260 O99 1985 |
| 082 ## - NUMERO DE CLASIFICACION DECIMAL DEWEY | |
| Número de Clasificación | 621.402.2 O799h |
| 100 ## - ASIENTO PRINCIPAL--NOMBRE PERSONAL | |
| Nombre personal | Ozisik, M. Necoti |
| 245 ## - TÍTULO | |
| Título | Heat transfer : a basic approach / Necoti M. Ozisik |
| 260 ## - PUBLICACIÓN, DISTRIBUCIÓN, ETC. (PIE DE IMPRENTA) | |
| Lugar de publicación, distribución, etc. | United State of America : McGraw-Hill |
| 300 ## - DESCRIPCIÓN FÍSICA | |
| Extensión | xvi, 780 p. / 25 cm. |
| 650 ## - ASIENTO SECUNDARIO DE MATERIA - TERMINO TEMÁTICO | |
| Término temático o nombre geográfico como elemento de entrada | 1.TRANSMISION DEL CALOR |
| No. biblioteca | No. biblioteca | Número de clasificación | Código de barras/Número de adquisición | Número de copia | Tipo de material |
|---|---|---|---|---|---|
| LUIS G. INCLAN | LUIS G. INCLAN | 621.402.2 O799h | 27648 | 7 | Libros |
| LUIS G. INCLAN | LUIS G. INCLAN | 621.402.2 O799h | 27649 | 8 | Libros |
| LUIS G. INCLAN | LUIS G. INCLAN | 621.402.2 O799h | 29942 | 9 | Libros |
| LUIS G. INCLAN | LUIS G. INCLAN | 621.402.2 O799h | 29943 | 10 | Libros |
| LUIS G. INCLAN | LUIS G. INCLAN | 621.402.2 O799h | 29944 | 11 | Libros |
| LUIS G. INCLAN | LUIS G. INCLAN | 621.402.2 O799h | 31209 | 14 | Libros |
| LUIS G. INCLAN | LUIS G. INCLAN | 621.402.2 O799h | 31210 | 15 | Libros |
| LUIS G. INCLAN | LUIS G. INCLAN | 621.402.2 O799h | 31211 | 16 | Libros |
| LUIS G. INCLAN | LUIS G. INCLAN | 621.402.2 O799h | 31212 | 17 | Libros |
| LUIS G. INCLAN | LUIS G. INCLAN | 621.402.2 O799h | 31213 | 18 | Libros |
